000 00497nam a2200145Ia 4500
008 100122s9999 xx 000 0 und d
082 _b59542
_a133.5
100 _aघाणेकर मधुसूदन
245 _aजन्मतारखेतील गूढ
260 _bइंद्रायणी साहित्य
_c2001
300 _a79
630 _aजन्मतारखेतील गूढ
730 _aजन्मतारखेतील गूढ
942 _cBOOK
999 _c435104
_d435101